000 00193 a2200097 4500
020 _a140004314x
041 _aeng
100 _aJoan Didion
245 _aThe Year of Magicl Thinking
942 _cBK
999 _c16492
_d16492